| 000 | 00393nam a22001577a 4500 | ||
|---|---|---|---|
| 020 | _a0903384493 | ||
| 082 |
_a624.16 _bUND _cL-14,P-165 |
||
| 100 |
_aThorburn S _942648 |
||
| 110 |
_aSurrey University Press London _942649 |
||
| 245 | _aUnderpinning | ||
| 260 | _a London | ||
| 300 |
_a296p.: _bill.; |
||
| 526 |
_a0 _b0 _c0 _d624_160000000000000_UND |
||
| 650 |
_aMCE _9379 |
||
| 942 |
_2ddc _cBK |
||
| 999 |
_c546503 _d546503 |
||